00894 2200277 4500001002100000005001700021008004100038020001800079035002400097040001200121082001200133090002200145100003000167245014700197250001000344260002300354300003000377500008800407500001100495650002300506700002200529700002000551850001200571990001800583990001500601YOGYA-0209000003047120090227024459.0 ind  a979-448-159-9 0010-020900000030471 aYOPDYOG a614.519 aQT 614.519bWor P aWorls Health Organization aPenatalaksanaan dan pencegahan diare akut petunjuk praktiscWorld Health Organization ; alih bahasa, Petrus Andrianto ; editor, Peter Anugerah aEd. 2 aJakartabEGCc1992 aviii, 64 hlmbilusc25 cm aJudul asli : The treatment and preventation of acute diarrhoe practical guide lives aIndeks aDiare - Pencegahan aAndrianto, Petrus aAnugerah, Peter aYOPDYOG a53289-P/94b1 a53289-P/94